Southville International School and Colleges
Your cart is empty.
  • Cart
  • Lists
    Public lists Eva Luna New books Lux_list list_1
    Your lists Log in to create your own lists
  • Log in to your account
  • Your cookies
  • Search history
Southville International School and Colleges
  • Advanced search
  • Recent comments
  • Most popular
  • Libraries

Log in to your account

Log in with GOOGLE


If you do not have an external account, but do have a local account, you can still log in:

  1. Home
  2. MARC view: Environmental Science:
Normal view MARC view ISBD view

Environmental Science: (Record no. 15084)

[ view plain ]
MARC details
000 -LEADER
fixed length control field 01677cam a2200457 a 4500
001 - CONTROL NUMBER
control field 13590567
003 - CONTROL NUMBER IDENTIFIER
control field OSt
005 - DATE AND TIME OF LATEST TRANSACTION
control field 20150820085825.0
008 - FIXED-LENGTH DATA ELEMENTS--GENERAL INFORMATION
fixed length control field 040512s2005 nyua 001 0 eng
010 ## - LIBRARY OF CONGRESS CONTROL NUMBER
LC control number 2004042249
020 ## - INTERNATIONAL STANDARD BOOK NUMBER
International Standard Book Number 9812532447
040 ## - CATALOGING SOURCE
Original cataloging agency DLC
Transcribing agency DLC
Modifying agency DLC
050 00 - LIBRARY OF CONGRESS CALL NUMBER
Classification number GE 105
Item number .B68 2005
100 1# - MAIN ENTRY--PERSONAL NAME
Personal name Botkin, Daniel B.
245 10 - TITLE STATEMENT
Title Environmental Science:
Remainder of title Earth as a Living Planet /
Statement of responsibility, etc Daniel B. Botkin, Edward A. Keller.
250 ## - EDITION STATEMENT
Edition statement 5th edition.
260 ## - PUBLICATION, DISTRIBUTION, ETC. (IMPRINT)
Place of publication, distribution, etc New York
Name of publisher, distributor, etc John Wileyand Sons, Inc.
Date of publication, distribution, etc 2005.
300 ## - PHYSICAL DESCRIPTION
Extent xxvii, 664 pages :
Other physical details illustrations ;
Dimensions 26 cm.
500 ## - GENERAL NOTE
General note Includes index.
562 ## - COPY AND VERSION IDENTIFICATION NOTE
Number of copies For Circulation. 8 copies in the Collection
650 #0 - SUBJECT ADDED ENTRY--TOPICAL TERM
Topical term or geographic name as entry element Environmental sciences.
650 #0 - SUBJECT ADDED ENTRY--TOPICAL TERM
Topical term or geographic name as entry element Environmental sciences
Form subdivision Case studies.
650 #0 - SUBJECT ADDED ENTRY--TOPICAL TERM
Topical term or geographic name as entry element Human ecology.
650 #0 - SUBJECT ADDED ENTRY--TOPICAL TERM
Topical term or geographic name as entry element Biodiversity.
650 #0 - SUBJECT ADDED ENTRY--TOPICAL TERM
Topical term or geographic name as entry element Sustainable development.
700 1# - ADDED ENTRY--PERSONAL NAME
Personal name Keller, Edward A.,
Dates associated with a name 1942-
856 42 - ELECTRONIC LOCATION AND ACCESS
Materials specified Publisher description
Uniform Resource Identifier <a href="http://www.loc.gov/catdir/description/wiley042/2004042249.html">http://www.loc.gov/catdir/description/wiley042/2004042249.html</a>
856 41 - ELECTRONIC LOCATION AND ACCESS
Materials specified Table of contents only
Uniform Resource Identifier <a href="http://www.loc.gov/catdir/toc/wiley041/2004042249.html">http://www.loc.gov/catdir/toc/wiley041/2004042249.html</a>
856 42 - ELECTRONIC LOCATION AND ACCESS
Materials specified Contributor biographical information
Uniform Resource Identifier <a href="http://www.loc.gov/catdir/enhancements/fy0617/2004042249-b.html">http://www.loc.gov/catdir/enhancements/fy0617/2004042249-b.html</a>
906 ## - LOCAL DATA ELEMENT F, LDF (RLIN)
a 7
b cbc
c orignew
d 1
e ocip
f 19
g y-gencatlg
942 ## - ADDED ENTRY ELEMENTS (KOHA)
Source of classification or shelving scheme Library of Congress Classification
Koha item type Books
Holdings
Withdrawn status Lost status Source of classification or shelving scheme Damaged status Home library Current library Shelving location Date acquired Source of acquisition Total Checkouts Total Renewals Full call number Barcode Date last seen Date checked out Copy number Price effective from Koha item type Sub Shelving location
    Library of Congress Classification   Archives Archives   04/18/2012 Donation 3 1 GE 105 .B749 2005 C10921 05/15/2018 11/21/2016 8 04/18/2012 Books  
    Library of Congress Classification   Archives Archives   05/22/2013 Donation 3   GE 105 .B749 2005 C7235 02/12/2019 03/12/2018 6 05/22/2013 Books  
    Library of Congress Classification   Archives Archives   06/01/2013 Donation 5   GE 105 .B749 2005 C8176 05/15/2018 11/21/2016 3 06/01/2013 Books  
    Library of Congress Classification   Archives Archives   06/04/2013 Donation     GE 105 .B749 2005 C7237 05/15/2018   1 06/04/2013 Books  
    Library of Congress Classification   Archives Archives   06/04/2013 Donation 4 4 GE 105 .B749 2005 C7239 05/15/2018 03/20/2017 5 06/04/2013 Books  
    Library of Congress Classification   College Library College Library General Circulation Section 06/04/2013   6 4 GE 105 .B749 2005 C6505 09/26/2018 09/25/2018 4 06/04/2013 Books  
    Library of Congress Classification   College Library College Library General Circulation Section 06/04/2013   6 23 GE 105 .B68 2005 C7238 12/04/2018 09/25/2018 7 06/04/2013 Books  
    Library of Congress Classification   Southville International School Affiliated with Foreign Universities Library Southville International School Affiliated with Foreign Universities Library Southville Foreign University Section 08/20/2015 Donation     GE 105 .B68 2005 SFU2575 05/15/2018     08/20/2015 Books  
    Library of Congress Classification   Southville International School Affiliated with Foreign Universities Library Southville International School Affiliated with Foreign Universities Library Southville Foreign University Section 01/03/2020 Donation     GE 105 .B68 2005 SFU1470 01/03/2020     01/03/2020 Books  

Environmental Science:

APA

Botkin D. B., Keller E. A., . (2005). Environmental Science. New York: John Wileyand Sons, Inc.

Chicago

Botkin Daniel B, Keller Edward A, . 2005. Environmental Science. New York: John Wileyand Sons, Inc.

Harvard

Botkin D. B., Keller E. A., . (2005). Environmental Science. New York: John Wileyand Sons, Inc.

MLA

Botkin Daniel B, Keller Edward A, . Environmental Science. New York: John Wileyand Sons, Inc. 2005.

  • Place hold
  • Print
  • Cite
  • Add to your cart (remove)
  • Save record
    BIBTEX Dublin Core MARCXML MARC (non-Unicode/MARC-8) MARC (Unicode/UTF-8) MARC (Unicode/UTF-8, Standard) MODS (XML) RIS
  • More searches
    Search for this title in:
    Other Libraries (WorldCat) Other Databases (Google Scholar) Online Stores (Bookfinder.com) Open Library (openlibrary.org)

Exporting to Dublin Core...

SOUTHVILLE LIBRARY

Southville International School and Colleges Library

1281 Tropical Ave. Cor. Luxembourg St., BF Homes International, Las Pinas City

Tel. No. 8256374 / 252358 Loc. 117/146

Powered by Koha